000 00577cam a22002171 4500
001 he 67002295
003 DLC
005 20260227111451.0
008 800423s1954 is 000 0 hebr
010 _ahe 67002295
035 _a(OCoLC)6234162
040 _aDLC
_cNSbSU
_dNSbSU
_dDLC
042 _apremarc
050 0 0 _aPJ5053.S3934
_bH3
100 1 _aShalom, Shin,
_d1904-
245 1 0 _aHayinu ke-ḥolmim.
_bShirim
_c[me'et] S. Shalom.
260 _aTel-Aviv,
_bYavneh
_c[1954]
300 _a80 p.
_c22 cm.
500 _aIn Hebrew characters.
500 _aVocalized text.
999 _c32768
_d32768